| 000 | 01168nam2a22002531 4500 | ||
|---|---|---|---|
| 001 | rc\3171892 | ||
| 005 | 20250530090408.0 | ||
| 021 |
_aRU _b[76-51150] |
||
| 035 | _a(NLR Aleph) 007329166 | ||
| 090 |
_a5991145 _c5991145 |
||
| 100 | _a20120615d1976 |||y0rusy50 ca | ||
| 101 | 0 | _arus | |
| 102 | _aRU | ||
| 105 | _aa z ||||| | ||
| 200 | 1 | _aЭлементы общей теории электрических машин | |
| 210 |
_d1976 _aБ. м. |
||
| 215 |
_a136 с. _cил. |
||
| 320 | _aСписок лит.: с. 133-134 (20 назв.) | ||
| 461 | 0 |
_1001rc\3171891 _12001#$aЭлектрические машины$eСпец. курс$e[В 2 ч.]$fСаркисян В.О.$gЕреван. политехн. ин-т им. К. Маркса, Кафедра "Электр. машины и аппараты"$vЧ. 1 _1700#1$aСаркисян$bВ.О. _95991139 _aСаркисян, В.О. _cЕреван _d1976- _fСаркисян В.О. _nЕреван. политехн. ин-т _oСпец. курс : [В 2 ч.] _tЭлектрические машины _vЧ. 1 |
|
| 801 | 0 |
_aRU _bNLR _gpsbo |
|
| 801 | 1 |
_aRU _bELAR _2rusmarc |
|
| 852 |
_aNLR _j76-3/8393 |
||
| 942 | _cBOOK | ||
| 980 | _aNB | ||